Microsoft FORTRAN: user's Guide
Wedi'i Gadw mewn:
| Fformat: | Llyfr |
|---|---|
| Iaith: | Saesneg |
| Cyhoeddwyd: |
Redmond
Microsoft Corporation
1984
|
| Pynciau: | |
| Tagiau: |
Ychwanegu Tag
Dim Tagiau, Byddwch y cyntaf i dagio'r cofnod hwn!
|
MARC
| LEADER | 00000nam a2200000 a 4500 | ||
|---|---|---|---|
| 001 | UCW0754 | ||
| 003 | CL-VaPUC | ||
| 008 | 890505e19840000US |||||||||||||||||eng|d | ||
| 082 | 0 | 4 | |a 005.133 |b MIC |2 21 |
| 245 | 1 | 0 | |a Microsoft FORTRAN: user's Guide |
| 300 | |a 165 p | ||
| 942 | |c BK | ||
| 945 | |d 19890505 00:00:00 | ||
| 260 | |a Redmond |b Microsoft Corporation |c 1984 | ||
| 650 | 7 | |a FORTRAN LENGUAJE DE PROGRAMACION PARA COMPUTADORES |2 CL-VaPUC |9 260089 | |
| 583 | |a last modification |c 20120528 09:30:41 |k Rodrigo Vera | ||
| 999 | |c 215813 |d 215811 | ||